Largest trading countries - Statistics

General Stats
  • This quiz has been taken 92 times
    31 since last reset
  • The average score is 19 of 24
Answer Stats
Rank Hint Answer % Correct
2 590,430 China
100%
3 534,323 Mexico
96%
9 72,966 Brazil
93%
1 660,219 Canada
93%
8 78,175 France
93%
4 200,831 Japan
93%
6 113,989 South Korea
93%
23 37,254 Australia
89%
5 172,623 Germany
89%
14 59,083 Italy
89%
7 108,215 United Kingdom
89%
11 66,852 India
86%
13 63,893 Netherlands
86%
17 46 727 Singapore
82%
12 65,746 Saudi Arabia
79%
10 67,251 Taiwan
79%
21 38,407 Colombia
75%
15 55,675 Belgium
71%
19 41,762 Ireland
68%
18 43,488 Malaysia
68%
16 53,367 Switzerland
68%
25 25,911 Chile
61%
20 38,933 Thailand
57%
22 38,045 Israel
50%
No matching quizzes found
Score Distribution
Percent of People with Each Score
Percentile by Number Answered
Your Score History
You have not taken this quiz since the last reset